Comparación de parámetros estructurales entre viviendas de zona urbana y zona rural

Збережено в:
Бібліографічні деталі
Автор: Rivera Zúñiga, Allan
Формат: Книга
Опубліковано: [San José, Costa Rica] 2003
Предмети:
Теги: Додати тег
Немає тегів, Будьте першим, хто поставить тег для цього запису!

MARC

LEADER 00000nam a2200000Ia 4500
003 009263
005 20221231144142.0
008 140114s2003 cr a m 000 ||s d
040 |c cru CEDI 
090 |a TFG 4803 
100 |a Rivera Zúñiga, Allan  |9 6666 
245 |a Comparación de parámetros estructurales entre viviendas de zona urbana y zona rural  
260 |c 2003  |a  [San José, Costa Rica] 
300 |a  xi, 116, [18] hojas : ilustraciones a color  
500 |a  Proyecto de graduación (licenciatura en ingeniería civil)--Universidad de Costa Rica, Escuela de Ingeniería Civil 
650 |x CONSTRUCCION DE VIVIENDAS   |x ESTRUCTURA URBANA   |x INSPECCION   |x VIVIENDAS RURALES   |x VIVIENDAS URBANAS   |x ARQUITECTURA DOMESTICA  |9 6667 
942 |c TFG 
999 |c 17630  |d 17630